L'hereu de mas (Record no. 164059)

MARC details
000 -LEADER
campo de control de longitud fija 00796nam a22001815i 4500
001 - NÚMERO DE CONTROL
campo de control 164059
003 - IDENTIFICADOR DE NÚMERO DE CONTROL
campo de control ES-MaACL
005 - FECHA Y HORA DE LA ÚLTIMA TRANSACCIÓN
campo de control 20250915063100.0
008 - DATOS DE LONGITUD FIJA--INFORMACIÓN GENERAL
campo de control de longitud fija 021008s1893 sp |||| | cat d
040 ## - FUENTE DE CATALOGACIÓN
Centro catalogador/agencia de origen CAM
Lengua de catalogación spa
Centro/agencia transcriptor CAM
100 1# - ENTRADA PRINCIPAL--NOMBRE DE PERSONA
Nombre de persona Rovira y Serra, Manuel,
Fechas asociadas al nombre 1865-1929
9 (RLIN) 132129
245 12 - MENCIÓN DEL TÍTULO
Título L'hereu de mas
Resto del título : drama en tres actes y un epílech /
Mención de responsabilidad, etc. escrit en vers per Manel Rovira y Serra.
260 ## - PUBLICACIÓN, DISTRIBUCIÓN, ETC.
Lugar de publicación, distribución, etc. Barcelona :
Nombre del editor, distribuidor, etc. [s.n.],
Fecha de publicación, distribución, etc. 1893 (
Fabricante Imprempta de Henrich y compª)
300 ## - DESCRIPCIÓN FÍSICA
Extensión 80 p. ;
Dimensiones 21 cm.
500 ## - NOTA GENERAL
Nota general En port.: "Estrenat en lo Teatro de Novedats la nit del 15 de mars de 1893"
852 ## - LOCALIZACIÓN
Ubicación ES-MaACL
Número de control de estantería G-3518(3)
Nota libre -- Enc. tela roja con hierros dorados, falto de la enc. original
-- -- Enc. en un vol. facticio
Encuadernación -- Corregir 245: L'hereu del mas
Holdings
Estatus retirado Estado de pérdida Estado de daño No para préstamo Colección Biblioteca de origen Biblioteca actual Ubicación en estantería Fecha de adquisición Fuente de adquisición Total de préstamos Signatura topográfica completa Código de barras Visto por última vez Precio de reemplazo Tipo de ítem Koha
        Libros del s. XIX Biblioteca del Ateneo de Madrid Biblioteca del Ateneo de Madrid Depósito 2 17/01/2008     G-3518(3) 1171942 23/02/2023 23/02/2023 Libro impreso antiguo